000 00548nam a2200157 i 4500
001 56814
003 ES-MaACL
005 20230906163441.0
007 t|
008 031013s1861 sp ||||1| spa d
110 1 _aEspaña.
_bDirección General de Agricultura, Industria y Comercio.
_93869
245 1 0 _aMemoria elevada al Excmo. Sr. Ministro de Fomento /
_cpor la Dirección General de Agricultura, Industria y Comercio.
260 _aMadrid :
_b[s.n.,
_c1861] (
_fImp. Nacional)
300 _aVII, 471 p. ;
_c32 cm.
852 _aES-MaACL
_jC-11174
999 _c56814
_d56814